00531nam a2200145Ia 4500008004100000082001500041100001300056245005000069260004700119630001800166650006200184942000900246952011300255999001700368211109s9999||||xx |||||||||||||| ||und|| a330bVIK-E aVikor, D 0aEconomic Romanticism:In the Twentieth Century bNew Book Society of IndiaaNew Delhic1971 xGeneral Stack aEconomicsvSocial sciencesEconomic RomanticismxEconomics cBOOK 00104070aSBCLbSBCLc2d2021-11-09g200.00l0o330 VIK-Ep00036303r2021-11-09 00:00:00w2021-11-09yBOOK c35013d35013